MARC details
| 000 -LEADER |
| fixed length control field |
05220cam a22004937i 4500 |
| 001 - CONTROL NUMBER |
| control field |
data |
| 005 - DATE AND TIME OF LATEST TRANSACTION |
| control field |
20260322212101.0 |
| 008 - FIXED-LENGTH DATA ELEMENTS--GENERAL INFORMATION |
| fixed length control field |
data |
| 035 ## - SYSTEM CONTROL NUMBER |
| System control number |
22144930 |
| 010 ## - LIBRARY OF CONGRESS CONTROL NUMBER |
| LC control number |
2021285831 |
| 020 ## - INTERNATIONAL STANDARD BOOK NUMBER |
| International Standard Book Number |
9781975120429 |
| Qualifying information |
(hardcover) |
| 020 ## - INTERNATIONAL STANDARD BOOK NUMBER |
| International Standard Book Number |
1975120426 |
| Qualifying information |
(hardcover) |
| 035 ## - SYSTEM CONTROL NUMBER |
| System control number |
(OCoLC)1138975390 |
| 040 ## - CATALOGING SOURCE |
| Original cataloging agency |
YUM |
| Language of cataloging |
eng |
| Transcribing agency |
YUM |
| Description conventions |
rda |
| Modifying agency |
DLC |
| -- |
YDXIT |
| -- |
OCLCO |
| -- |
OCLCA |
| -- |
EEM |
| -- |
JYJ |
| -- |
UAB |
| -- |
OCLCA |
| -- |
DLC |
| 042 ## - AUTHENTICATION CODE |
| Authentication code |
lccopycat |
| 050 00 - LIBRARY OF CONGRESS CALL NUMBER |
| Classification number |
RT41 |
| Item number |
.F863 2021 |
| 060 #4 - NATIONAL LIBRARY OF MEDICINE CALL NUMBER |
| Classification number |
WY 100.1 |
| Item number |
F9808 2021 |
| 082 04 - DEWEY DECIMAL CLASSIFICATION NUMBER |
| Classification number |
610.73 |
| Edition information |
23 |
| 130 0# - MAIN ENTRY--UNIFORM TITLE |
| Uniform title |
Fundamentals of nursing (Craven) |
| 245 10 - TITLE STATEMENT |
| Title |
Fundamentals of nursing : |
| Remainder of title |
concepts and competencies for practice / |
| Statement of responsibility, etc. |
Ruth F. Craven, EdD, RN, FAAN, Professor Emerita Department of Biobehavioral Nursing and Health Informatics, University of Washington School of Nursing, Seattle, Washington, Constance J. Hirnle, MN, RN, Retired Faculty Member, Department of Biobehavioral Nursing and Health Informatics, University of Washington School of Nursing, Seattle, Washington, Christine M. Henshaw, EdD, RN-BC, Professional Development Specialist, Clinical Practice and Professional Development, Virginia Mason Medical Center, Seattle, Washington. |
| 250 ## - EDITION STATEMENT |
| Edition statement |
Ninth edition. |
| 264 #1 - PRODUCTION, PUBLICATION, DISTRIBUTION, MANUFACTURE, AND COPYRIGHT NOTICE |
| Place of production, publication, distribution, manufacture |
Philadelphia : |
| Name of producer, publisher, distributor, manufacturer |
Wolters Kluwer, |
| Date of production, publication, distribution, manufacture, or copyright notice |
[2021] |
| 264 #4 - PRODUCTION, PUBLICATION, DISTRIBUTION, MANUFACTURE, AND COPYRIGHT NOTICE |
| Date of production, publication, distribution, manufacture, or copyright notice |
©2021 |
| 300 ## - PHYSICAL DESCRIPTION |
| Extent |
xxxiv, 1532 pages : |
| Other physical details |
color illustrations, color maps ; |
| Dimensions |
29 cm |
| 336 ## - CONTENT TYPE |
| Content type term |
text |
| Content type code |
txt |
| Source |
rdacontent |
| 337 ## - MEDIA TYPE |
| Media type term |
unmediated |
| Media type code |
n |
| Source |
rdamedia |
| 338 ## - CARRIER TYPE |
| Carrier type term |
volume |
| Carrier type code |
nc |
| Source |
rdacarrier |
| 500 ## - GENERAL NOTE |
| General note |
Revision of: Fundamentals of nursing : human health and function / [edited by] Ruth F. Craven, Constance J. Hirnle, Christine M. Henshaw. 2017. Eighth edition. |
| 504 ## - BIBLIOGRAPHY, ETC. NOTE |
| Bibliography, etc. note |
Includes bibliographical references and index. |
| 505 0# - FORMATTED CONTENTS NOTE |
| Formatted contents note |
Unit I. Professional Concepts. Chapter 1. The Profession of Nursing ; Chapter 2. The Nurse's Role in Healthcare Quality and Patient Safety ; Chapter 3. Values, Ethics, and Legal Issues ; Chapter 4. Nursing Research and Evidence-Based Care ; Chapter 5. Nursing Process: Foundation for Clinical Judgment -- Unit II. Nursing Process. Chapter 6. Nursing Assessment ; Chapter 7. Nursing Diagnosis ; Chapter 8. Outcome Identification and Planning ; Chapter 9. Implementation and Evaluation ; Chapter 10. Healthcare Team Communication: Documenting and Reporting -- Unit III. Healthcare Delivery Concepts. Chapter 11. Health, Wellness, and Integrative Healthcare ; Chapter 12. Healthcare in the Community and Home ; Chapter 13. Culture and Diversity ; Chapter 14. Communication in the Nurse-Patient Relationship ; Chapter 15. Patient Education and Health Promotion ; Chapter 16. Caring for the Older Adult -- Unit IV. Clinical Care Competencies. Chapter 17. Safety ; Chapter 18. Health Assessment ; Chapter 19. Vital Signs ; Chapter 20. Asepsis and Infection Control ; Chapter 21. Medication Administration ; Chapter 22. Intravenous Therapy ; Chapter 23. Perioperative Nursing -- Unit V. Concepts Involving Protection and Movement. Chapter 24. Hygiene and Self-Care ; Chapter 25. Mobility ; Chapter 26. Skin Integrity and Wound Healing ; Chapter 27. Infection Prevention and Management ; Chapter 28. Pain Management ; Chapter 29. Sensory Perception -- Unit VI. Concepts Involving Homeostasis and Regulation. Chapter 30. Respiratory Function ; Chapter 31. Cardiac Function ; Chapter 32. Fluids, Electrolytes, and Acid-Base ; Chapter 33. Nutrition ; Chapter 34. Urinary Elimination ; Chapter 35. Bowel Elimination ; Chapter 36. Sleep -- Unit VII. Psychosocial Concepts. Chapter 37. Self-Concept ; Chapter 38. Families and Their Relationships ; Chapter 39. Cognitive Processes ; Chapter 40. Sexuality ; Chapter 41. Stress, Coping, and Adaptation ; Chapter 42. Loss and Grieving ; Chapter 43. Spiritual Health -- Appendix A: Answers with Rationales for Practicing for the NCLEX Questions -- Appendix B: Apply Your Critical Thinking Answers -- Appendix C: Abbreviations Commonly Used in Documentation -- Appendix D: Definitions and Defining Characteristics for NANDA-I Diagnoses in This Title. |
| 520 ## - SUMMARY, ETC. |
| Summary, etc. |
This updated 9th Edition further enhances students' clinical capabilities with new Unfolding Patient Stories that challenge students to think critically about commonly encountered patient scenarios. More than 850 online NCLEX®-style review questions, as well as NCLEX®-style review questions in the book, reinforce students' test-taking confidence. New Critical Thinking Using QSEN Competencies features provide essential practice for applying concepts to clinical situations. |
| 650 #0 - SUBJECT ADDED ENTRY--TOPICAL TERM |
| Topical term or geographic name entry element |
Nursing. |
| 650 #2 - SUBJECT ADDED ENTRY--TOPICAL TERM |
| Topical term or geographic name entry element |
Nursing Care. |
| 650 #2 - SUBJECT ADDED ENTRY--TOPICAL TERM |
| Topical term or geographic name entry element |
Nursing Process. |
| 650 #2 - SUBJECT ADDED ENTRY--TOPICAL TERM |
| Topical term or geographic name entry element |
Nursing. |
| 650 #7 - SUBJECT ADDED ENTRY--TOPICAL TERM |
| Topical term or geographic name entry element |
Nursing. |
| Source of heading or term |
fast |
| Authority record control number or standard number |
(OCoLC)fst01041731 |
| 700 1# - ADDED ENTRY--PERSONAL NAME |
| Personal name |
Craven, Ruth F., |
| Relator term |
editor. |
| Authority record control number or standard number |
http://id.loc.gov/authorities/names/n89143361 |
| 700 1# - ADDED ENTRY--PERSONAL NAME |
| Personal name |
Hirnle, Constance J., |
| Relator term |
editor. |
| Authority record control number or standard number |
http://id.loc.gov/authorities/names/n81086744 |
| 700 1# - ADDED ENTRY--PERSONAL NAME |
| Personal name |
Henshaw, Chris, |
| Relator term |
editor. |
| Authority record control number or standard number |
http://id.loc.gov/authorities/names/n2015185948 |
| 730 02 - ADDED ENTRY--UNIFORM TITLE |
| Uniform title |
Fundamentals of nursing : human health and function |
| Relationship information |
Previous edition: |
| 906 ## - LOCAL DATA ELEMENT F, LDF (RLIN) |
| a |
7 |
| b |
cbc |
| c |
copycat |
| d |
2 |
| e |
ncip |
| f |
20 |
| g |
y-gencatlg |
| 925 0# - |
| -- |
acquire |
| -- |
1 shelf copy |
| -- |
policy default |